000 00627nam a2200229Ia 4500
003 0100
008 130303s9999 xx 000 0 und d
020 _a1565480767
040 _cARRUPELIB
050 _aBS2555.2.H291996
100 _aDaniel Harrington, S.J
245 _aHow to read the Gospels
245 _banswers to common questions
260 _aU.S.A
260 _bNew City Press
260 _C1996
300 _a95p. 20cm
650 _bFrancis of Assisi,Saint, 1182 - 1226
650 _cChristian saints --Italy-- Assisi -- Biography -- Early Works to 1800
700 _aS.J Daniel Harrington
942 0 0 _01
999 _c7929
_d7929